000 00536nam a22001697a 4500
003 MACL
005 20160723122750.0
008 160723b xxu||||| |||| 00| 0 eng d
040 _cMACL
041 _aHindi
082 _a080 ANA
100 _aआनंद, सं. अरूण
_965066
245 _aनमो वाणी
_cसं. अरूण आनंद
260 _aनई दिल्‍ली
_bप्रभात प्रकाशन
_c2016
650 _aसामान्‍य वर्ग
_936
942 _2ddc
_cHIN
999 _c54757
_d54757